Responses for Show #2537 - Tuesday, September 19, 1995

Contestants

[<< previous game]

Wilson Mudge, a law student originally from Jamestown, New York

Richard Scheffler, a writer and publisher from Madison, Connecticut

Albina Moran, an administrative assistant from Cleveland Heights, Ohio (whose 1-day cash winnings total $11,800)

[next game >>]

Jeopardy! Round responses

MEDIEVAL TIMES
BASEBALL
PARKS
CLOTHING
PEOPLE
ABBREVIATIONS
    $100 3
the "Hail Mary"

Albina
    $100 1
Stan Musial

Albina
    $100 11
Central Park

Wilson
    $100 12
leotard

Richard
    $100 21
Sam Walton

Richard
    $100 26
pharmacist

Richard
    $200 7
Florence

Richard
    $200 2
Cincinnati

Richard
    $200 13
Jean Lafitte

Richard
    $200 17
reversible

Albina
    $200 22
Mussolini

Richard
    $200 27
videocassette recorder

Wilson
    $300 8
Luxembourg

Wilson
    $300 4
Babe Ruth

Wilson
    $300 14
Florida

Richard
    $300 18
duster

Richard
    $300 23
Carl Sagan

Richard
    $300 28
Off-Broadway

Albina
    $400 9
monasteries

Wilson
    $400 5
New York Mets

Wilson
    $400 15
Sacajawea

Wilson
    $400 19
kimono

Wilson
    $400 24
Jane Goodall

Wilson
    $400 29
assets

Richard
    $500 10
curfew

Albina
    $500 6
(Alex: The others are Lou Brock, Vince Coleman, and Maury Wills.)

Rickey Henderson

Albina
    $500 16
Lake Superior

Wilson
    $500 20
(Wilson: What is a cravat?)

bateau

RichardWilson
    $400 25
Dean Rusk

Wilson
    $500 30
(Richard: What is universal product label?)

universal product code

AlbinaRichard

Scores at the first commercial break (after clue 15):

Albina Richard Wilson
$1,200 $1,000 $1,900

Scores at the end of the Jeopardy! Round:

Albina Richard Wilson
$2,200 $2,400 $3,300

Double Jeopardy! Round responses

U.S. HISTORY
DECORATIVE ARTS
SCIENCE
EUROPEAN CITIES
FICTIONAL CHARACTERS
REAL NAMES ON THE MARQUEE
(Alex: Obviously, a show business category.)
    $200 2
oil

Richard
    $200 13
ivory

Albina
    $200 8
RNA (ribonucleic acid)

Richard
    $200 21
Brussels

Wilson
    $200 1
Wendy

Wilson
    $200 26
Tom Cruise & Demi Moore

Triple Stumper
    $400 3
Boss Tweed

Richard
    $400 17
art nouveau

Richard
    $400 9
(Wilson: What is the Big Dipper?)
(Richard: What is Ursa Major?)

the Little Dipper

AlbinaRichardWilson
    $400 22
Venice

Albina
    $400 5
The Color Purple

Wilson
    $400 27
Woody Allen & Mia Farrow

Wilson
    $600 4
(The Great Chicago) fire

Albina
    $600 18
lace

Albina
    $600 10
(Wilson: Who was Newton?)

Galileo

AlbinaWilson
    $600 23
Stockholm

Richard
    $1,500 14
Heathcliff (from Wuthering Heights)

Albina
    $600 28
Cher & Nicolas Cage

Albina
    $800 6
(Richard: What was Grand Coulee Dam?)

Boulder Dam

AlbinaRichard
    $800 19
yellow

Richard
    $800 11
ophthalmoscope

Richard
    $800 24
(Albina: Who was Magellan?)
...
(Alex: Less than a minute to go--Richard, make a selection.)

Vasco da Gama

Albina
Triple Stumper
    $800 15
Forever Amber

Albina
    $800 29
(Richard: Who are Marilyn Monroe and...)

Marilyn Monroe & Tom Ewell

AlbinaRichard
    $1000 7
Hannibal Hamlin

Richard
    $1000 20
(Richard: What is Sweden?)

Denmark

Richard
Triple Stumper
    $1,800 12
(Richard: [No response])

deltoid

Richard
    $1000 25
Strasbourg

Triple Stumper
    $1000 16
The Cancer Ward

Richard
    $1000 30
Ernest Borgnine & Charles Bronson

Albina

Scores at the end of the Double Jeopardy! Round:

Albina Richard Wilson
$9,700 $3,000 $3,500
(lock game)

[wagering suggestions for these scores]

Final Jeopardy! Round responses

NOTABLE WOMEN
RichardWho is Marie Curie
$2,999
WilsonWho is Marie Curie
$2,501
AlbinaWho is Marie Curie?
$2,300
Marie Curie

Final scores:

Albina Richard Wilson
$12,000 $5,999 $6,001
2-day champion: $23,800 3rd place: Lloyd Flanders all-weather wicker furniture 2nd place: a trip to Colony Beach & Tennis Resort in Longboat Key, Florida

Game dynamics:

Coryat scores:

Albina Richard Wilson
$8,800 $4,800 $3,600
19 R
(including 1 DD),
1 W
21 R,
6 W
(including 1 DD)
15 R
(including 1 DD),
3 W

Combined Coryat: $17,200

[game clues] [game scores] [suggest correction]

Game tape date: Unknown
The J! Archive is created by fans, for fans. Scraping, republication, monetization, and malicious use prohibited; this site may use cookies and collect identifying information. See terms. The Jeopardy! game show and all elements thereof, including but not limited to copyright and trademark thereto, are the property of Jeopardy Productions, Inc. and are protected under law. This website is not affiliated with, sponsored by, or operated by Jeopardy Productions, Inc. Join the discussion at JBoard.tv.